[Event "Gothenburg Manhem"]
[Site "Gothenburg"]
[Date "2011.08.16"]
[Round "4"]
[White "Richter, Michael"]
[Black "Berg, Emanuel"]
[Result "0-1"]
[WhiteElo "2488"]
[BlackElo "2604"]
[Annotator "Berg,E"]
[PlyCount "72"]
[EventDate "2011.08.13"]
[EventType "tourn"]
[EventRounds "9"]
[EventCountry "SWE"]
[EventCategory "10"]
[SourceTitle "CBM 143 Extra"]
[Source "ChessBase"]
[SourceDate "2011.08.29"]
[SourceVersion "1"]
[SourceVersionDate "2011.08.29"]
[SourceQuality "1"]

1. d4 e6 $5 2. e4 $5 {This move came as a very great surprisie. From what I
could read from the database, Richter is usually a d4-player, although he also
plays 1.e4 sometimes. I felt that he might have done some preparation
somewhere, so this would be a real challenge.} d5 3. Nd2 {Another surprise,
since my opponent was in the habit of playing 3.Nc3 when facing the French.}
Nf6 {I countinued as usual to see what my opponent would come up with.} 4. e5
Nfd7 5. c3 c5 6. Bd3 Nc6 7. Ne2 cxd4 8. cxd4 f6 9. Nf4 {Now I definitely
smelled some preparation. This move leads to a sharp forced line where Black
has to give up an exchange. Richter also admitted after the game that this was
the reason for his opening choice. When preparing for a game using new modern
technology, it much easier if you can start from a very concrete position.
However theoretically this line should be fine for Black, but I was the one
who had to find all the moves over the board.} Nxd4 10. Qh5+ Ke7 11. exf6+ (11.
Ng6+ {is a slight inaccuracy in view of} hxg6 12. exf6+ Kxf6 $1 13. Qxh8 Kf7 {
which is supposed to give Black a better version according to book theory.})
11... Nxf6 12. Ng6+ hxg6 13. Qxh8 Kf7 {So far it was all well-known theory for
me too, since I had faced this variation a few times before, both in rapid and
standard games.} 14. O-O {Not the most common move, but still one of the two
main options.} (14. Qh4 {I have met a few times before, when a possible line is
} e5 15. Nf3 Nxf3+ 16. gxf3 Bf5 17. Bxf5 gxf5 18. Bg5 Qa5+ 19. Kf1 g6 {which
is supposed to give Black full compensation according to theory.}) 14... e5 15.
Nb3 (15. Nf3 {in another option when play usually continues} Nxf3+ 16. gxf3 Bf5
17. Bxf5 gxf5 18. Bg5 {and here Black has three different options to develop
his B (e7, d6, c5) that all look very playable. Black's strong pawn centre
compensates for being an exchange down. In general Black is happy to exchange
queens in this position since then his somewhat exposed king will be a strong
and useful piece, supporting the central pawns.}) 15... Nxb3 {This is the most
direct and simple approach for Black, but there are also a few options that
might be equally strong.} ({One of them is} 15... Nf5 {that amongst others has
been played by the German GM Gerald Hertneck. Another name worth mentioning is
Simon Williams. Although the statistic speaks in Black's favour, my computer
engine gives White a slight edge after} 16. Bg5) 16. axb3 Bf5 17. Bxf5 {
This exchange gives Black a very nice-looking pawn structure, but White's aim
is to attack those pawns before Black manages to consolidate.} gxf5 18. Bg5 (
18. Qh3 {is another move that has been played and could have transposed to the
game after} g6 19. Bg5 {and now 19...Bc5 will be Richter-Berg,} {Instead the
game continued} d4 {1/2-1/2 Van den Brande,W (2228)-Groffen,H (2189)/Belgium
2009/EXT 2011 (41). ...and later on ended in a draw.}) 18... Bc5 19. Qh3 (19.
Qh4 {has also been played, but doesn't promise White anything, since there are
no concrete threats. Black can simply continue development with ....Qd6, but ..
.d4 is also an interesting option.}) 19... g6 {This move has superior
statistics for Black and perhaps there is also a reason for this.} ({However
the most common move} 19... Qd7 {is also fully playable.}) ({Black has also
tried the active} 19... Ke6 {but I don't think this is entirely safe with the
queens left on the board.}) ({Another move I would like to mention is} 19...
Kg6 $5 {which I have tried out myself in a rapid game. Although this move
might not be safe either it has multiple purposes in defending the f5-pawn and
attacking White's B on g5. Black is happy to exchange his N on f6 for the B on
g5. If White chooses not to exchange he will have to lose time. One key point
is that} 20. Qg3 $2 {will be met by} Ne4 $1 {when} 21. Bxd8+ Nxg3 22. hxg3 Rxd8
{leads to an excellent endgame for Black.}) 20. b4 $146 {My opponent was still
playing his moves in no time, which gave me a slightly unpleasant feeling at
the board. However I couldn't see anything wrong with my position, so there
was no reason to panic.} (20. Rac1 {has been played previously, but doesn't
promise White anything. In the following game it was rather Black who had the
chances to play n for the full point.} Bb6 21. Rc3 d4 22. Rc4 Qd7 23. Rfc1 Rg8
24. Bxf6 Kxf6 25. Qh4+ Ke6 26. Qg5 e4 27. h4 Qd8 28. Qf4 Qd6 29. Qh6 Qd7 30.
Kf1 d3 31. Rd1 Qg7 32. Qc1 Qe5 33. g3 Rd8 34. Qh6 Rg8 35. Qc1 {1/2-1/2
Istratescu,A (2610)-Bartel,M (2634)/Peristeri 2010/CBM 137 Extra}) 20... Bb6 ({
During the game I didn't even consider the move} 20... Bxb4 $2 {Black has to
stay coordinated to keep his position stable. Right here this move can be
refuted by} 21. Bxf6 (21. Qb3 {also gives White a clear advantage.}) 21... Qxf6
22. Rfc1 {when White soon enters the seventh rank with a huge initiative.}) 21.
Qb3 {All the way down to this position was preparation from my opponent and
this position was my first really critical moment at the board. Now Black has
to make a correct decision so as not to get into trouble.} Qd6 {After some
thought I concluded that this was the safest way to go.} (21... Kg7 $6 {
is already an error in view of} 22. Rad1 Bd4 {This move is absolutely
necessary, but White is doing well here too after} (22... d4 $2 {fails to} 23.
Qe6 $1 e4 24. f3 $1 {when White is about to open up the f-file with a crushing
attack.} e3 25. Bxe3 dxe3 26. Rxd8 e2+ 27. Rf2 Ne4 (27... Rxd8 28. Qxe2 $18)
28. Qe7+ Kh6 29. Qh4+ Kg7 30. Rd7+ Kg8 31. Qh7+ Kf8 32. Qf7#) 23. Kh1 Qd6 24.
Bxf6+ Kxf6 25. f4 {with a slight advantage to White.}) (21... Qd7 {is similar
to the game, but here the pawn on e5 is unprotected, which in some lines might
be important.} 22. Rfd1 Rd8 23. Rd3) 22. Be3 {White makes use of the pinned
d5-pawn and forces an exchange of the bishops. This should favour White, since
it's difficult to play on two wings with a N for Black. However as long as
White cannot enter the black position with his rooks there is no reason to
worry. Black still has a very strong center and soon the passed d-pawn is
ready to be pushed forward.} Rd8 23. Bc5 ({My opponent wanted to avoid} 23.
Bxb6 axb6 {which is possible, but I intended to recapture with the Q like in
the game anyway.}) 23... Qe6 24. Bxb6 Qxb6 (24... axb6 {is still possible and
a solid option. White can continue} 25. Rfc1 {forcing} Rd7 {but then it is
hard to make any progress for White. Black has everything defended and is
ready to push his d-pawn. White's only counterplay is the 8th rank, but there
is not much to be done there. Black has a good defensive resource in his N on
f6.}) 25. Rfc1 ({Forcing an exchange of queens with} 25. Qe3 {was a serious
option. After} Qxe3 26. fxe3 {Black has no longer a passed d-pawn and White
has some slight pressure along the a-file. However Black is doing fine and has
enough compensation after} a6 $44 {[%cal Gf6g4,Gd5d4] in view of his central
pawn chain and White's vulnerable pawns.}) 25... a6 $6 {A slight inaccuracy
that would have given White a slight edge with correct play.} (25... Rd7 {
was better, although it gives away the 8th rank.} 26. Rc8 (26. Qe3 {will be
met by} Qxe3 27. fxe3 a6 {with compensation.}) 26... e4 $1 $44 {This move
eliminates the Qe3 option for White as now there is no pawn to be attacked on
e5.}) 26. b5 $6 {This came as a surprie. Although this move is thematic in the
position I saw no reason to play it immediately.} (26. Qe3 $1 {was better when}
Qd6 (26... Qxe3 {is well met by the intermediate} 27. Rc7+ Ke6 28. fxe3 Rd7 29.
Rxd7 Kxd7 30. Ra5 $14) 27. Qc5 (27. b5 $5 axb5 28. Qc5 {also puts Black under
pressure. Now after} Qe6 $6 ({searching for counterplay with the active} 28...
d4 {is to be recommended.}) 29. Ra7 Rd7 30. Qxb5 Qe7 31. Rc8 d4 $4 (31... e4 {
with the idea of ...e3 gives Black better chances.}) 32. Rb8 {Here White is
already winning since Black is too slow with his counterplay.}) 27... Ke6 28.
b5 $14) 26... axb5 27. Qc3 {White is about to enter the c-file. The main idea
is to exchange queens and then attack the doubled b-pawns.} Qe6 {Black defends
his e5-pawn and prepares to advance his d-pawn.} 28. Ra7 Rd7 29. Qc5 d4 30.
Qxb5 Qe7 {Now Black is ready to continue pushing his d-pawn and that must be
prevented by White.} 31. Rd1 {Stops ...d3 for the moment.} e4 32. Qc4+ Qe6 (
32... Kg7 $1) 33. Qb5 (33. Qb4 e3 $1 34. Rxb7 exf2+ 35. Kf1 (35. Kh1 Qe2 36.
Rxd7+ Nxd7 $19 37. Qb3+ Kf6 38. Qf3 Qe1+) 35... Qa6+ 36. Rb5 Rd5 $19 {[%csl
Rb5]}) 33... Qe7 34. Qc4+ Kg7 $1 {Black sacrifices his strong d-pawn in
exchange for a powerful initiative and mating threats along the first rank.}
35. Rxd4 $2 {There is no immediate refutation of this move, but taking a
deeper look shows that Black is actually winning.} Rc7 36. Qb3 $4 {This move
loses on the spot, but even the most stubborn defence would not be enough.} (
36. Qf1 Ng4 $1 (36... e3 37. Ra1 Rc2 $36 {was my first intention.}) 37. h3 (37.
Qd1 e3 38. Rxg4 e2 39. Qd4+ Kf7 40. Qd5+ Qe6 41. Qxe6+ Kxe6 42. Ra1 Rd7 $19)
37... e3 38. Ra1 exf2+ 39. Kh1 Rc2 $19 {[%cal Gg4e3] Houdini}) (36. Qe2 Qc5 37.
Rda4 (37. Raa4 b5 38. Rab4 Nd5 39. Rxd5 Qxd5 $19 {[%csl Rb4,Ge4,Rg1][%cal
Gc7c1]} 40. Qe1 e3 $1 $19) 37... Qc1+ 38. Qf1 e3 39. Ra1 exf2+ 40. Kh1 Qd2 $1 (
40... Qf4 $40 {[%csl Rh1][%cal Gf6e4]}) 41. Rd1 Qf4 42. Ra3 Ng4 43. Rh3 Ne3 44.
Rf3 Nxf1 45. Rxf4 Ne3 46. Ra1 Rc2 47. h3 Re2 48. Kh2 Re1 $19) (36. Qa4 e3 37.
Rd1 exf2+ 38. Kf1 Ng4 39. Qd4+ Kf7 40. Qd5+ Qe6 41. Qxe6+ Kxe6 42. Ke2 Rc2+ 43.
Kd3 Rxb2 44. h3 Nh2 45. Raa1 f1=Q+ 46. Rxf1 Nxf1 47. Rxf1 Rxg2 $19) 36... Qb4
$3 {A nice double attack that decides the game. White resigned.} 0-1

[Event "Bundesliga 1112"]
[Site "Germany"]
[Date "2011.10.16"]
[Round "3.1"]
[White "Almasi, Zoltan"]
[Black "Berg, Emanuel"]
[Result "1/2-1/2"]
[WhiteElo "2710"]
[BlackElo "2575"]
[Annotator "Berg,E"]
[PlyCount "56"]
[EventDate "2011.10.14"]
[EventType "team-tourn"]
[EventRounds "15"]
[EventCountry "GER"]
[SourceTitle "CBM 145"]
[Source "ChessBase"]
[SourceDate "2011.11.11"]
[SourceVersion "1"]
[SourceVersionDate "2011.11.11"]
[SourceQuality "1"]
[WhiteTeam "Dresden"]
[BlackTeam "Dortmund Hansa"]
[WhiteTeamCountry "GER"]
[BlackTeamCountry "GER"]

1. e4 e6 2. d4 d5 3. Nd2 {During my preparation I was concentrating on 3.Nc3,
so now I was relying on my old analyses.} Nf6 4. e5 Nfd7 5. Bd3 c5 6. c3 Nc6 7.
Ne2 cxd4 8. cxd4 f6 9. exf6 Nxf6 10. Nf3 Bd6 11. O-O Qc7 {I have played this
position a fair amount of games as Black. Nevertheless my opponent managed to
surprise me already on his next move.} 12. Bd2 {The only experience I had from
the given position was with the inclusion of the moves} (12. Bg5 O-O 13. Rc1 h6
14. Bd2 {During the game I started thinking of what could be a disadvantage -
having my pawn left on h7.}) {I finally decided to continue with natural
development according to how I would handle variations with my pawn on h6.}
12... O-O 13. Rc1 Bd7 14. Ng3 {White takes control over the square e4 to
prevent ...Ne4 and slowly prepares Re1 followed by Ne5 which is one of the
main ideas.} ({I was mainly worried about} 14. b4 a6 15. a4 {when White gets
some initiative. Anyway Black has completed development and has a perfectly
sound position. One possible continuation is} Qb8 16. Qb3 (16. b5 axb5 17. axb5
Na5 {[%cal Ga5c4] gives Black access to the c4-square and the pawn on b5 might
become weak.}) 16... b5 $5 ({The active move} 16... Ne4 {seems to be a slight
mistake in view of} 17. Bxe4 dxe4 18. Ng5 {and White is better.}) 17. a5 (17.
axb5 axb5 {makes the R on a8 become active and ...Ra4 becomes a threat.}) 17...
Ng4 {A thematic idea with the purpose of exchanging knights on h2 after 18.h3.}
18. Ng3 {An interesting position with mutual chances. White has some concrete
tactics such as Rxc6 followed by Qc2 or Nf5 followed by Qxd5+ in some lines.
Black's ideas are to put pressure agianst the vulnerable pawns on d4 and b4
and on a good day the sacrifice ...Rxf3 might become reality.} ({After} 18. h3
Nh2 ({It is worth mentioning} 18... Rxf3 {but after} 19. gxf3 Nh2 20. Bxh7+ $1
Kxh7 21. Rfd1 {followed by f4 the knight on h2 will soon be lost and it's
doubtful if Black has enough compensation for the exchange}) 19. Nxh2 Bxh2+ 20.
Kh1 Bd6 {Black in controlling the important e5-square and has not much to
worry about.})) 14... Rae8 {This has always been my favourite move in thois
kind of French lines. The idea is to support the e6-pawn and when necessary
push the pawn forward to e5 creating counterplay on the f-and e-files.} (14...
Rac8 {is a solid the idea to challenge the white rook on c1.} 15. Bb1) 15. Re1
{Before playing this move my opponent to my big surprise used up no less than
40 minutes on his clock. Apparantly there were lots of concrete tactics that
had to be calculated. White has now created the positional threat of Ne5 which
more or less forced me to move my queen.} Qb6 {An active move that creates
tactical possibilities in connection with ...e5.} ({My original plan was to
continue} 15... Qb8 16. Bc3 {but here I couldn't find a good way forward.
Again White is ready for Ne5.} e5 ({The inclusion of} 16... Bf4 17. Rc2 {
is also favourable for White, e.g.} e5 18. dxe5 Nxe5 19. Bxe5 ({Here} 19. Be2 {
is well met by} Qd6 {which is one important difference of having the bishop on
f4.}) 19... Bxe5 20. Bf5 $1 {with slight but long-lasting pressure for White.})
17. dxe5 (17. Qb3 $5 {as suggested by my computer engine might even be
stronger.}) 17... Nxe5 18. Nxe5 {Although this position looks pretty level at
the moment, White can gradually put pressure against the weak d5-pawn and
Black needs to defend well to keep a draw.} Bxe5 19. Be2) 16. Bc3 e5 {An
interesting, but risky choice. At the postmortem Almasi dismissed this move,
but we were unable to find a clear refutation.} ({The alternative} 16... Bf4
17. Rc2 Nb4 18. Bxb4 Qxb4 {might well be objectively best, reaching a position
with mutual chances.}) 17. dxe5 {For this move Almasi used up another 20
minutes which made me quite optimistic about my prospects.} Ng4 {This is a
very critical position. It seems that with correct play White can achieve an
advantage. During the game when playing 15...Qb6 I had made an incorrect
evaluation of this position.} 18. exd6 $6 {This move spoils White's chances of
an advantage.} ({White had to play} 18. Bxh7+ Kh8 (18... Kxh7 $4 {fails to} 19.
Qc2+ {followed by exd6 with a winning position for White.}) 19. Qxd5 $1 {
A strong move, but also easy to overlook when not using any computer engines.
It looks like the white king is in some trouble, but he has enough defensive
resources and materially speaking White has a solid advantage.} ({Less clear} 
19. Re2 Bc5 {with counterplay for Black.} {Now} 20. Be1 $2 {is a mistake in
view of} Nd4 21. Nxd4 $2 Bxd4 {and Black will crash through.}) 19... Be6 $1 ({
The natural} 19... Nxf2 {is refuted by} 20. h3 $16 {when surprisinly Black
does not have any serious counterplay.}) 20. Qd2 (20. Qe4 {is another serious
option for White that opens up a wide range of inhuman variations to calculate.
} {The best reply seems to be} Bxe5 {with the possible continuation} 21. Nxe5
Qxf2+ 22. Kh1 Ncxe5 23. Bxe5 Nxe5 24. Re2 Ng4 25. Bg6 Rc8 26. Ra1 {when my
computer engine slightly prefers White.}) (20. Qxd6 {forces a funny perpetual
after} Qxf2+ 21. Kh1 Rxf3 22. Rf1 Rxg3 23. Rxf2 Nxf2+ 24. Kg1 Nh3+ 25. Kh1 $11
({Of course not} 25. Kf1 $4 Bc4+ 26. Ke1 Rxg2 {when Black wins, e.g.} 27. Bd3
Bxd3 28. Qxd3 Rg1+ 29. Kd2 Rd8 $19)) 20... Bc5 21. Ne4 Kxh7 22. h3 $14 {
Black now has to choose between giving back the piece for a pawn with some
active counterplay or to playing with a piece for three pawns in a passive
position. Both give White the better chances.} Nh6 (22... Nxf2 23. Nxf2 Kg8 {
gives Black some concrete counterplay, but two pawns are a bit too much and
White should be able to consolidate.}) 23. b4 $1 Be7 (23... Bxb4 $2 24. Rb1
Bxc3 25. Qc2 {[%csl Rh7][%cal Ge4f6,Yc2h7] wins.}) 24. Nd6 {With three pawns
for the piece and active piece play White should be better, although the
outcome is still far from obvious.}) 18... Nxf2 {Suddenly it all has changed
and White should now be happy to find a draw.} 19. Bxh7+ Kh8 (19... Kxh7 $2 20.
Qc2+ Ne4+ 21. Kh1 {gives White a clear advantage since White will simply swap
the knight on e4 next followed by Ng5.}) 20. Bd4 $6 ({Better was} 20. Qc2 Nh3+
21. Kh1 (21. Kf1 Qg1#) 21... Nf2+ $11 {when Black has to settle for a draw.})
20... Rxe1+ 21. Qxe1 Nh3+ $1 {This was the move Almasi had overlooked when
deciding for 18.exd6. The only good move, but also strong enough to give Black
an advantage.} (21... Nxd4 $2 22. Qxf2 {gives White a favourable endgame after}
Nxf3+ ({The tempting} 22... Rxf3 {simply doesn't work} 23. gxf3 Nxf3+ 24. Kf1
Bh3+ 25. Ke2 {and the king escapes.})) 22. gxh3 Nxd4 23. Nxd4 Qxd4+ 24. Kg2
$146 {Actually this position has already been seen before in the database.} (
24. Kh1 Kxh7 25. Qc3 Qxc3 26. Rxc3 Rf6 27. Kg2 Rxd6 {gave Black a somewhat
better ending in 1/2-1/2 (51) Navara,D-Schneider,D Menorca 1996}) 24... Kxh7
25. Qe2 Qh4 $6 ({Here Black had the opportunity to play} 25... Bb5 {which
would have given good winning chances.} 26. Rd1 Qc5 27. Qd2 Qxd6 $15) 26. Kg1 (
{After} 26. Qh5+ Qxh5 27. Nxh5 Bc6 {Black will soon regain the d6-pawn, with a
favourable ending.} 28. Re1 Rf5 29. Ng3 (29. Re7 Rxh5 30. d7 d4+ $19) (29. d7
d4+ 30. Kg3 Bxd7 31. Re7 Bc6 $19) 29... Rf6 30. Rd1 Rxd6 31. Rd4 {Black is
slightly better thanks to his passed d-pawn, but White should be able to hold
the draw.}) 26... Qd4+ ({Trying to win by} 26... Bxh3 {brings a pretty unclear
position after} 27. Rd1) 27. Kg2 Qh4 ({Once again I had the chance to go for
the full point with} 27... Bb5 $1) 28. Kg1 Qd4+ 1/2-1/2